Stolice stanów USA - Quiz na mapie - Statystyki

Ogólne statystyki
  • Ten quiz został rozwiązany 2 445 razy
  • Średni wynik to 16 z 50
Odpowiedzi na mapie
Odpowiedzi zakodowano w zielono-czerwonej skali na mapie do tego quizu, zgodnie z poniższymi procentami.
 
Statystyki odpowiedzi
Odpowiedź % Poprawnych
Honolulu
69%
Sacramento
62%
Austin
56%
Oklahoma City
54%
Phoenix
53%
Salt Lake City
50%
Atlanta
47%
Indianapolis
46%
Boston
45%
Santa Fe
43%
Denver
42%
Juneau
42%
Albany
38%
Olympia
38%
Tallahassee
37%
Nashville
36%
Salem
36%
Boise
34%
Baton Rouge
33%
Bismarck
33%
Columbus
31%
Helena
31%
Carson City
30%
Cheyenne
30%
Little Rock
29%
Springfield
29%
Montgomery
28%
Des Moines
27%
Providence
27%
Richmond
27%
Harrisburg
24%
Jackson
24%
Madison
24%
Pierre
24%
Raleigh
24%
Saint Paul
24%
Topeka
24%
Annapolis
23%
Augusta
23%
Frankfort
23%
Lincoln
23%
Charleston
22%
Lansing
22%
Columbia
21%
Dover
21%
Montpelier
21%
Jefferson City
20%
Concord
19%
Hartford
19%
Trenton
19%
Nie znaleziono quizów pasujących do podanych kryteriów
Rozkład punktacji
Procent ludzi z każdym wynikiem
Percentyl według liczby udzielonych odpowiedzi
Twoja historia wyników
Nie rozwiązałeś tego quizu